书目信息 |
| 题名: |
教学电视
|
|
| 作者: | 理查德·C·伯克 编 ;周南照 译 | |
| 分册: | ||
| 出版信息: | 北京 文化教育出版社 1980.05 |
|
| 页数: | 135页 | |
| 开本: | 19cm | |
| 丛书名: | ||
| 单 册: | ||
| 中图分类: | G432 | |
| 科图分类: | ||
| 主题词: | 电化教学 , 电化教育 | |
| 电子资源: | ||
| ISBN: | ||
| 000 | 00637nam0 2200229 45 | |
| 001 | 0303270932 | |
| 005 | 20031219104107.8 | |
| 010 | @dCNY0.35 | |
| 091 | @a7057.06 | |
| 100 | @a20030327d1980 km y0chiy0120 ea | |
| 101 | 0 | @achi@ceng |
| 105 | @a z 000yy | |
| 200 | 1 | @a教学电视@AJiao Xue Dian Shi@f(美)理查德·C·伯克编@F(Mei)Li Cha De·C·Bo Ke Bian@g周南照译 |
| 210 | @a北京@c文化教育出版社@d1980.05 | |
| 215 | @a135页@d19cm | |
| 606 | 0 | @a电化教学 |
| 606 | 0 | @a电化教育 |
| 690 | @aG432@v3 | |
| 701 | 0 | @a理查德·C·伯克@4编 |
| 702 | 0 | @a周南照@AZhou Nan Zhao@4译 |
| 801 | @aCN@bTSTC@c20030327 | |
| 905 | @f1@b35941@dG432@e1 | |
| 教学电视/(美)理查德·C·伯克编/周南照译.-北京:文化教育出版社,1980.05 |
| 135页;19cm |
| ISBN :CNY0.35 |
| ● |
| 相关链接 |
|
|
|
|
正题名:教学电视
索取号:G432/1
 
预约/预借
| 序号 | 登录号 | 条形码 | 馆藏地/架位号 | 状态 | 备注 |
| 1 | 0035941 | 001774039 | 密集书库/ [索取号:G432/1] | 在馆 |